<?xml version="1.0" encoding="UTF-8"?>
<record
    xmlns:xsi="http://www.w3.org/2001/XMLSchema-instance"
    xsi:schemaLocation="http://www.loc.gov/MARC21/slim http://www.loc.gov/standards/marcxml/schema/MARC21slim.xsd"
    xmlns="http://www.loc.gov/MARC21/slim">

  <leader>00883nam a22002657a 4500</leader>
  <datafield tag="952" ind1=" " ind2=" ">
    <subfield code="a">0001</subfield>
    <subfield code="b">0001</subfield>
    <subfield code="d">2022-03-18</subfield>
    <subfield code="l">0</subfield>
    <subfield code="o">320.9561 D36k 2006</subfield>
    <subfield code="p">020374</subfield>
    <subfield code="r">2022-03-18 00:00:00</subfield>
    <subfield code="w">2022-03-18</subfield>
    <subfield code="y">BKS</subfield>
  </datafield>
  <datafield tag="999" ind1=" " ind2=" ">
    <subfield code="c">14860</subfield>
    <subfield code="d">14860</subfield>
  </datafield>
  <controlfield tag="003">MIRAKIL</controlfield>
  <controlfield tag="005">20220318140422.0</controlfield>
  <controlfield tag="008">220318b        tu ||||| |||| 00| 0 tur d</controlfield>
  <datafield tag="020" ind1=" " ind2=" ">
    <subfield code="a">9752934188</subfield>
  </datafield>
  <datafield tag="040" ind1=" " ind2=" ">
    <subfield code="a">TR-AnCHP</subfield>
    <subfield code="c">TR-AnCHP</subfield>
  </datafield>
  <datafield tag="041" ind1=" " ind2=" ">
    <subfield code="a">tur</subfield>
  </datafield>
  <datafield tag="082" ind1=" " ind2=" ">
    <subfield code="a">320.9561</subfield>
    <subfield code="b">D36k 2006</subfield>
  </datafield>
  <datafield tag="100" ind1=" " ind2=" ">
    <subfield code="a">Dervi&#x15F;, Kemal</subfield>
  </datafield>
  <datafield tag="245" ind1="1" ind2="0">
    <subfield code="a">Krizden &#xE7;&#x131;k&#x131;&#x15F; ve &#xE7;a&#x11F;da&#x15F; sosyal demokrasi : </subfield>
    <subfield code="b">Kemal Dervi&#x15F; anlat&#x131;yor / </subfield>
    <subfield code="c">Kemal Dervi&#x15F;, Serhan Asker, Yusuf I&#x15F;&#x131;k.</subfield>
  </datafield>
  <datafield tag="260" ind1=" " ind2=" ">
    <subfield code="a">&#x130;stanbul : </subfield>
    <subfield code="b">Do&#x11F;an Kitap, </subfield>
    <subfield code="c">2006.</subfield>
  </datafield>
  <datafield tag="300" ind1=" " ind2=" ">
    <subfield code="a">292 s.:</subfield>
    <subfield code="c">23 sm.</subfield>
  </datafield>
  <datafield tag="504" ind1=" " ind2=" ">
    <subfield code="a">Kaynak&#xE7;a vard&#x131;r.</subfield>
  </datafield>
  <datafield tag="600" ind1=" " ind2="0">
    <subfield code="9">7031</subfield>
    <subfield code="a">Dervi&#x15F;, Kemal</subfield>
    <subfield code="c">Siyaset&#xE7;i , Ekonomist</subfield>
    <subfield code="d">1949-</subfield>
    <subfield code="x">An&#x131;lar</subfield>
  </datafield>
  <datafield tag="650" ind1=" " ind2="0">
    <subfield code="9">9</subfield>
    <subfield code="a">Siyaset ve y&#xF6;netim</subfield>
    <subfield code="x">T&#xFC;rkiye</subfield>
  </datafield>
  <datafield tag="650" ind1=" " ind2="0">
    <subfield code="9">4</subfield>
    <subfield code="a">T&#xFC;rkiye</subfield>
    <subfield code="x">Ekonomi Politikalar</subfield>
  </datafield>
  <datafield tag="650" ind1=" " ind2="0">
    <subfield code="9">4</subfield>
    <subfield code="a">T&#xFC;rkiye</subfield>
    <subfield code="x">Sosyal demokrasi</subfield>
  </datafield>
  <datafield tag="700" ind1=" " ind2=" ">
    <subfield code="9">7032</subfield>
    <subfield code="a">Asker, Serhan</subfield>
  </datafield>
  <datafield tag="700" ind1=" " ind2=" ">
    <subfield code="9">7033</subfield>
    <subfield code="a">I&#x15F;&#x131;k, Yusuf</subfield>
  </datafield>
  <datafield tag="942" ind1=" " ind2=" ">
    <subfield code="2">ddc</subfield>
    <subfield code="c">BKS</subfield>
  </datafield>
</record>
